[Event "18th Bangkok Open 2018"]
[Site "Bangkok"]
[Date "2018.04.20"]
[Round "8"]
[White "Vatsal Singhania"]
[Black "Peng, Xiongjian"]
[Result "0-1"]
[WhiteElo "2106"]
[BlackElo "2424"]
[Annotator "TA"]
[PlyCount "116"]
[EventDate "2018.??.??"]
[EventType "swiss"]
[EventCountry "THA"]
[SourceTitle "playchess.com"]
[Source "ChessBase"]
[SourceQuality "1"]

{[%evp 11,116,15,7,8,11,0,0,0,0,0,0,0,0,-6,8,-8,7,8,15,13,14,14,14,7,13,0,7,0,0,0,29,24,48,33,30,45,42,44,46,0,8,0,0,0,0,-43,-33,-81,-81,-106,-100,-111,-91,-102,-58,-58,-37,-80,-35,-35,-24,-29,-30,-44,0,0,0,0,0,0,0,-13,0,0,0,-35,-31,-102,-24,-22,-23,-26,-26,-28,-26,-25,-24,-22,-20,-162,-162,-693,-604,-29981,-29982,-29978,-29979,-29985,-12841,-12841,-12841,-12840,-12839,-29995,-29996,-29998,-29999]} 1. e4 e5 2. Nf3 Nc6 3. Bc4 Nf6 4. d3 Be7 5. O-O d6 6. h3 Na5 {LiveBook: 5 Games. C55: Two Knights: 4 d3, 4 d4 exd4 5 e5 and Max Lange Attack} (6... O-O 7. a4 Na5 8. Ba2 c5 9. Na3 Nc6 10. c3 h6 11. Re1 Re8 12. Nc2 a6 13. Ne3 Rb8 14. Nd5 Nxd5 15. exd5 {1-0 (58) Andriasian,Z (2585)-Al Ghamdi,A (2159) Riadh 2017}) 7. Bb3 a6 8. Nbd2 $146 ({Predecessor:} 8. Nc3) 8... O-O {The position is equal.} 9. Re1 Nxb3 10. axb3 Re8 11. Nf1 Bf8 12. Ng3 g6 13. Bd2 Bg7 14. Qc1 h5 15. Bg5 Qd7 16. Bh6 Bh8 17. b4 Nh7 {[%cal Bf6h7,Bh7f8,Bf8e6][%mdl 32]} 18. c4 Nf8 19. Ne2 {[%cal Bg3e2,Be2c3,Bc3a4,Ba4b6][%mdl 32]} Ne6 20. Nc3 c6 21. Na4 {Black must now prevent Nb6.} Qc7 22. Be3 (22. c5 {is interesting.} a5 23. cxd6 Qd8 24. Qd2 b5 25. Nc5) 22... Nd4 23. Bxd4 exd4 24. c5 Be6 25. Nb6 Rad8 26. Ng5 Bg7 27. Nxe6 Rxe6 28. Qf4 Qe7 29. Rec1 Be5 30. Qf3 dxc5 31. bxc5 Bc7 32. Qd1 Bxb6 33. cxb6 Qb4 34. Rc4 Qxb6 (34... Qxb2 {seems wilder.} 35. Rb1 Qa3 36. f4 Qe7 37. Qc1 Qh4) 35. f4 c5 36. Qd2 Rc6 37. f5 Re8 38. Rf1 Qc7 $36 {[%mdl 2048] Black has some pressure.} 39. fxg6 fxg6 40. Qh6 Qg7 41. Qg5 Qe7 42. Qd5+ Kg7 43. Rc2 (43. b4 $5) 43... Rd8 44. Qb3 ({White should try} 44. Rf7+ $1 $15 Qxf7 45. Qxd8) 44... Rf8 (44... b5 $17 {Black wants to play ...c4!} 45. Rcf2 c4) 45. Rxf8 $11 Kxf8 {[%mdl 4096] Endgame KQR-KQR} 46. Qd5 a5 47. Rc1 Kg7 48. e5 a4 49. Rc4 Kh6 50. Rxa4 (50. Rc2 $11) 50... Re6 $19 51. Ra7 $2 (51. Ra1) 51... Rxe5 52. Rxb7 Re1+ ({Stronger than} 52... Rxd5 53. Rxe7 Kg5 54. Re8 $11) 53. Kh2 Qe3 54. Rf7 Qg1+ (54... h4 $142 55. Rh7+ Kxh7 56. Qf7+ Kh6 57. Qf8+ Kh5 58. Qh8+ Kg5 59. Qd8+ Qe7 60. Qxe7+ Rxe7 61. b3 Re3 62. Kg1 Rxd3 63. b4 cxb4 64. Kf1 Re3 65. g3 b3 66. Kf2 b2 67. Kg2 hxg3 68. Kh1 b1=Q+ 69. Kg2 Qe4+ 70. Kg1 Re1#) 55. Kg3 Re3+ 56. Rf3 {[#]} h4+ $1 {[%mdl 512]} 57. Kxh4 Qxg2 58. Qd8 g5+ {Precision: White = 45%, Black = 68%.} 0-1

[Event "18th Bangkok Open 2018"]
[Site "Bangkok"]
[Date "2018.04.21"]
[Round "9"]
[White "Gustafsson, Jan"]
[Black "Miciano, John Marvin"]
[Result "1/2-1/2"]
[WhiteElo "2643"]
[BlackElo "2260"]
[Annotator "TA"]
[PlyCount "117"]
[EventDate "2018.??.??"]
[EventType "swiss"]
[EventCountry "THA"]
[SourceTitle "playchess.com"]
[Source "ChessBase"]
[SourceQuality "1"]

{[%evp 20,117,29,31,48,4,16,0,24,16,25,-31,-39,-37,-24,-29,-36,-22,-37,-34,-4,-12,0,-17,0,-27,73,70,107,83,78,57,104,102,89,89,95,102,90,0,0,0,0,0,0,0,0,0,0,0,0,0,0,0,0,0,0,0,0,0,0,0,0,0,0,0,0,0,0,0,0,0,0,0,0,0,0,0,15,15,15,15,15,14,14,0,0,0,0,0,0,0,0,0,0,0,0,0,0,0]} 1. Nf3 g6 2. d4 Nf6 3. g3 Bg7 4. Bg2 O-O 5. O-O d6 6. b3 c6 7. Bb2 Qc7 8. c4 Nbd7 9. Nc3 e5 10. e4 Re8 {E60: King's Indian: Unusual lines and Fianchetto Variation without Nc3} 11. Re1 {LiveBook: 8 Games} a5 12. d5 Nc5 13. Rb1 $146 ({Find the theoretical novelty and annotate with similar games:} 13. Rc1 Re7 14. Ba3 Nfd7 15. Qd2 Bf8 16. h3 f6 17. Nh2 h5 18. Rf1 {1-0 (58) Salgado Lopez,I (2558)-Lobo,R (1920) Fermo 2009}) 13... Bd7 14. Bf1 Reb8 15. a3 (15. a4 $11) 15... cxd5 $15 16. cxd5 b5 {White must now prevent ...b4.} 17. b4 axb4 18. axb4 Na4 19. Nxa4 bxa4 20. Ba3 $1 Bh6 21. b5 Ra5 {[%cal Rd7b5]} 22. Bd3 Be8 (22... Bxb5 $11 {keeps the balance.} 23. Kg2 Bxd3 24. Rxb8+ Qxb8 25. Qxd3 Ra8) 23. Re2 $16 Rb6 {[%cal Re8b5]} 24. Rc2 Qb8 {[%cal Re8b5]} 25. Qe1 Ra7 26. Rc6 Bxc6 27. dxc6 Bf8 28. Bc4 Rc7 {[#]} 29. Nd2 ({White should play} 29. Rb4 $1 $16) 29... d5 $1 $11 {[%cal Rd5c4] The position is equal.} 30. Bxf8 dxc4 31. Bd6 Ne8 32. Bxc7 ({Don't go for} 32. Nxc4 $2 Nxd6 33. Nxb6 Qxb6 $19) 32... Nxc7 33. Nxc4 Rxb5 34. Ra1 Rc5 35. Rxa4 Qb5 36. Rb4 Qxc6 37. Rb6 Qa4 38. Nd6 Rc6 39. Rb8+ Kg7 40. Qd2 Qd4 41. Qxd4 exd4 42. Ne8+ Nxe8 43. Rxe8 {[%mdl 4096] Endgame KR-KR} d3 44. Rd8 Rc4 45. e5 Re4 46. f4 g5 47. fxg5 Rxe5 48. h4 f6 49. gxf6+ Kxf6 50. Rxd3 Re2 51. Rf3+ Kg6 52. Rf2 Rxf2 53. Kxf2 {KPP-KP} Kf5 54. Kf3 {[#] Strongly threatening g4+.} h5 55. Ke3 Ke5 56. Kf3 Kf5 57. g4+ hxg4+ 58. Kg3 Kg6 59. Kxg4 {Precision: White = 60%, Black = 67%.} 1/2-1/2

[Event "18th Bangkok Open 2018"]
[Site "Bangkok"]
[Date "2018.04.21"]
[Round "9"]
[White "Smirnov, Anton"]
[Black "Phadke Sohan"]
[Result "1/2-1/2"]
[WhiteElo "2546"]
[BlackElo "2150"]
[Annotator "TA"]
[PlyCount "123"]
[EventDate "2018.??.??"]
[EventType "swiss"]
[EventCountry "THA"]
[SourceTitle "playchess.com"]
[Source "ChessBase"]
[SourceQuality "1"]

{[%evp 30,123,25,4,8,0,0,0,12,9,12,-15,16,8,51,6,52,48,63,45,47,43,70,0,0,0,0,0,39,39,29,28,80,0,0,0,13,0,0,0,0,0,11,0,0,0,0,0,0,0,0,0,0,0,0,0,0,0,0,0,0,0,8,8,8,8,8,8,8,0,8,8,8,8,8,0,16,16,16,16,16,16,16,0,16,16,16,0,16,0,16,16,16,0,16,16]} 1. e4 c5 2. Nf3 Nc6 3. d4 cxd4 4. Nxd4 Nf6 5. Nc3 e5 6. Ndb5 {[%cal Bd4b5,Bb5a3,Ba3c2,Bc2e3][%mdl 32]} d6 7. Bg5 a6 8. Na3 b5 9. Nd5 Be7 10. Bxf6 Bxf6 11. c4 b4 {B33: Sicilian: Pelikan and Sveshnikov Variations} 12. Nc2 O-O 13. h4 (13. g3 Bg5 14. Bg2 a5 15. O-O Ne7 16. Nce3 Bxe3 17. Nxe3 Be6 18. Rc1 Nc6 19. Nf5 {1-0 (54) Harikrishna,P (2744)-Yu,Y (2751) Huaian 2017}) 13... Be6 14. g3 a5 15. Bg2 Rc8 16. Nce3 {LiveBook: 3 Games} g6 17. Nxf6+ $146 ({Predecessor:} 17. Qd3 Bg7 18. h5 Nd4 19. O-O-O b3 20. a3 Qg5 {1-0 (58) Goncharenko,G (2498)-Rawlings,A (2419) ICCF email 2011}) 17... Qxf6 18. b3 Rfd8 19. Nc2 Qe7 20. O-O a4 21. Qd2 Qb7 22. Kh2 axb3 23. axb3 Ra8 24. f4 exf4 25. gxf4 Qe7 26. Qf2 (26. Kg3 $14) 26... Rxa1 $11 27. Rxa1 Qf6 $1 28. Qg3 Qc3 (28... Qb2 {feels hotter.} 29. Ra6 Nb8 30. Qg5 f6 31. Qa5 Re8) 29. Qxc3 bxc3 30. Ra6 Ne7 (30... Nb8 $11 {keeps the balance.} 31. Rb6 Bg4) 31. Kg3 ({Better is} 31. Nd4 $16) 31... Rb8 {The position is equal.} 32. Ra3 Nc6 33. Bf1 f5 34. Bd3 fxe4 35. Bxe4 Nb4 36. Kf3 d5 37. cxd5 Bxd5 38. Nxb4 Bxe4+ 39. Kxe4 {[#] Threatens to win with Nc2.} Rxb4+ {[%mdl 4096] Endgame KR-KR} 40. Kd3 Rxf4 41. Ra4 Rf3+ 42. Kc2 Kf7 43. Ra7+ Ke6 44. Rxh7 Rh3 45. Rh6 Kd5 (45... Kf7 {is more complex.} 46. Rh7+ Ke6) 46. Rxg6 Rxh4 47. Kxc3 Kc5 48. Rg5+ Kb6 49. Kb2 Rf4 50. Ka3 Rh4 51. Rg1 Rf4 52. b4 Rf3+ 53. Ka4 Rf6 54. Rg5 Rh6 55. Rb5+ Ka6 56. Rb8 Ka7 57. Rc8 Kb6 58. Rb8+ Ka7 59. Rb5 Ka6 60. Rd5 Kb6 61. Rc5 Rg6 62. Rb5+ {Precision: White = 44%, Black = 54%.} 1/2-1/2

[Event "18th Bangkok Open 2018"]
[Site "Bangkok"]
[Date "2018.04.21"]
[Round "9"]
[White "Swapnil, S. Dhopade"]
[Black "Tran, Minh Thang"]
[Result "0-1"]
[WhiteElo "2526"]
[BlackElo "2406"]
[Annotator "TA"]
[PlyCount "80"]
[EventDate "2018.??.??"]
[EventType "swiss"]
[EventCountry "THA"]
[SourceTitle "playchess.com"]
[Source "ChessBase"]
[SourceQuality "1"]

{[%evp 24,80,8,18,31,14,10,0,0,0,10,6,11,0,7,-7,0,-17,63,66,257,257,243,250,246,245,243,247,251,226,220,128,275,283,283,275,280,277,277,274,268,261,384,374,363,363,360,48,45,43,52,-1009,-977,-982,-979,-29997,-29998,-29998,-29999]} 1. d4 d5 2. c4 c6 3. Nc3 Nf6 4. e3 Bf5 5. Nf3 e6 6. Nh4 Be4 7. f3 Bg6 8. Qb3 Qc7 9. Bd2 {D12: Slav Defence: 3 Nf3 Nf6 4 e3 Bf5} Be7 10. g3 O-O (10... Nbd7 11. cxd5 exd5 12. O-O-O a5 13. Nxg6 hxg6 14. Qc2 a4 15. e4 a3 16. e5 axb2+ {0-1 (59) Le,Q (2737)-Mamedov,R (2709) Huaian 2017}) 11. Nxg6 hxg6 12. Rc1 dxc4 13. Bxc4 {LiveBook: 5 Games} a6 14. Bd3 $146 ({Predecessor:} 14. Be2 Nbd7 15. Ne4 Nxe4 16. fxe4 c5 {0-1 (45) Garza Marco,S (2453)-Korneev,O (2543) Burguillos 2010}) 14... Nbd7 15. Ne4 Nxe4 16. Bxe4 e5 17. Bxg6 exd4 18. exd4 Qd6 19. Bf5 Bf6 20. Bf4 Qe7+ ({Black should try} 20... Rfe8+ $11 21. Be4 Qxd4) 21. Kf1 $1 $14 Bg5 $2 {[#]} (21... Bxd4 $14 22. Re1 (22. Qxb7 Rfe8 $16) 22... Qd8) 22. Re1 $18 (22. Qxb7 Bxf4 23. gxf4 Rad8 $11) 22... Qf6 23. Bxd7 Bxf4 24. gxf4 Rad8 25. Bg4 {[%cal Bd7g4,Bg4f5,Bf5c2,Bc2b3][%mdl 32]} Rxd4 26. Re2 Qxf4 {intending ...Rfd8.} 27. Qe3 ({Much less strong is} 27. Qxb7 $6 f5 $16) ({White should play} 27. Kg2 $18) 27... Qd6 (27... Rd1+ $16 28. Kg2 Qxe3 29. Rxe3 Rd2+ 30. Kf1 Rxb2) 28. Bf5 g6 29. Bc2 Rh4 30. Kg2 Rd8 31. h3 Qf6 32. Bb3 c5 (32... Kg7 {might work better.} 33. Qe7 Rhd4 34. Qxf6+ (34. Qxb7 Qg5+ 35. Kf2 Qh4+ 36. Kg2 Qg5+ 37. Kf1 Rd1+ 38. Bxd1 Rxd1+ 39. Re1 Rxe1+ 40. Kxe1 Qe3+ 41. Kf1 Qxf3+ 42. Kg1 Qe3+ 43. Kg2 Qe4+ 44. Kh2 Qe5+ 45. Kg2 Qg5+ 46. Kh2 Qe5+ 47. Kg2 Qg5+ 48. Kf1 Qf5+ 49. Kg1 Qg5+ 50. Kf2 Qd2+ 51. Kf1 Qf4+ 52. Kg1 Qg5+ 53. Kf2 Qd2+ 54. Kg3 Qe3+ 55. Kg2 Qd2+ 56. Kf1 Qd3+ 57. Kf2 Qf5+ 58. Kg3 Qg5+ 59. Kf2 $11) 34... Kxf6) 33. Qxc5 Rh5 34. Qe3 Rg5+ 35. Kh2 $2 (35. Kf2 $18) 35... Rd3 $1 $14 {[%cal Rd3e3]} 36. Qe8+ ({Avoid the trap} 36. Bxf7+ $2 Kg7 $19) 36... Kg7 {[%cal Rf6f4]} 37. Rf1 $2 {[%mdl 8192] [#]} (37. Qxf7+ $14 Qxf7 38. Bxf7 Kxf7 39. h4) 37... Qf4+ $1 $19 38. Kh1 Rxf3 39. Rxf3 Qxf3+ 40. Kh2 Qg3+ {Precision: White = 33%, Black = 38%.} 0-1

[Event "18th Bangkok Open 2018"]
[Site "Bangkok"]
[Date "2018.04.21"]
[Round "9"]
[White "Santiago, Yago De Moura"]
[Black "Nitish Belurkar"]
[Result "1/2-1/2"]
[WhiteElo "2476"]
[BlackElo "2303"]
[Annotator "TA"]
[PlyCount "100"]
[EventDate "2018.??.??"]
[EventType "swiss"]
[EventCountry "THA"]
[SourceTitle "playchess.com"]
[Source "ChessBase"]
[SourceQuality "1"]

{[%evp 12,100,35,43,63,61,61,34,83,74,102,107,100,105,147,130,156,77,79,76,75,60,59,59,58,51,54,66,44,40,54,47,41,35,39,38,68,72,72,77,79,53,131,116,108,131,112,111,122,52,47,58,134,117,241,129,120,125,127,125,162,164,166,159,205,115,113,97,170,166,183,84,223,203,216,201,297,0,0,0,0,0,0,0,0,0,0,0,0,0,0]} 1. d4 d5 2. c4 e6 3. Nf3 Nf6 4. Nc3 Be7 5. Bf4 O-O 6. a3 {D37: Queen's Gambit Declined: 5 Bf4} (6. e3 c5 7. dxc5 Bxc5 8. Qc2 Nc6 9. Rd1 Qa5 10. a3 Re8 11. Nd2 e5 12. Bg5 Nd4 13. Qb1 Bf5 14. Bd3 Bxd3 15. Qxd3 Ne4 16. Nxd5 Nxg5 17. exd4 Bxd4 18. b4 {½-½ (33) Mamedyarov,S (2809)-Nakamura,H (2787) Moscow 2018}) 6... Nc6 7. e3 {LiveBook: 8 Games} b6 8. cxd5 {White is slightly better.} exd5 9. Nb5 $146 ({Predecessor:} 9. Qa4 Bb7 10. Ba6 Qc8 11. Qxc6 Bxc6 12. Bxc8 Raxc8 13. Rc1 Bb7 {1-0 (35) Ram,S (2303)-Puranik,A (2191) Tirupati 2012}) 9... Ne8 10. Qc2 Bd7 11. Bd3 h6 12. O-O a6 13. Nc3 $1 {[%cal Bb5c3,Bc3e2,Be2f4][%mdl 32]} Be6 14. h3 (14. e4 $142) 14... Bd6 $16 15. Ne2 Ne7 16. Rac1 a5 17. Rfd1 Rc8 18. Bxd6 Qxd6 19. Nf4 c5 20. dxc5 bxc5 21. Qd2 Qb6 $1 22. Nxe6 fxe6 23. e4 $36 {[%mdl 2048] White fights for an advantage.} Nf6 24. exd5 exd5 25. Re1 Rc7 26. Re2 Nc8 (26... c4 $14) 27. Bf5 $1 Re7 28. Rce1 Rfe8 29. Rxe7 Nxe7 30. Be6+ (30. Re6 $16 Qb7 31. Bc2) 30... Kf8 $1 $14 31. Qf4 Ng6 ({Black should try} 31... Rd8 $14) 32. Qf5 $16 Nf4 {[#]} (32... Ne7 $16 33. Ne5 Qd6) 33. Qxf4 (33. Ne5 $1 $18 {[%cal Re5d7] Nd7+ would kill now.} Qxe6 34. Ng6+ (34. Qxf4 Qc8 $11) 34... Kg8 35. Rxe6 Nxe6 36. Qc2) 33... Rxe6 34. Rxe6 Qxe6 35. Qc7 Ne4 36. Qxa5 Qd6 37. Qa8+ Kf7 38. Qb7+ (38. a4 $18) 38... Kf6 39. Qc8 d4 (39... Ng5 $16) 40. Qe8 $18 Ng5 {[#] Strongly threatening ...Nxf3+.} 41. Nh4 (41. Nh2 $1 $18) 41... Qf4 (41... Qe6 $16 42. Qg6+ Ke5) 42. Qg6+ Ke5 43. Qxg7+ Kd5 (43... Ke4 $142) 44. Qb7+ $2 ({Better is} 44. Ng6 $18 Qd6 45. h4) 44... Kc4 $11 {The position is equal.} 45. Qa6+ Kb3 $1 46. Qb5+ Ka2 47. Qc4+ Kxb2 {Hoping for ...Qc1+.} 48. Qb5+ Ka2 49. Qc4+ Kb2 {...Qc1+ is the strong threat.} 50. Qb5+ Ka2 {Precision: White = 55%, Black = 43%.} 1/2-1/2

[Event "18th Bangkok Open 2018"]
[Site "Bangkok"]
[Date "2018.04.21"]
[Round "9"]
[White "Priasmoro, Novendra"]
[Black "Short, Nigel D"]
[Result "1/2-1/2"]
[WhiteElo "2449"]
[BlackElo "2662"]
[Annotator "TA"]
[PlyCount "56"]
[EventDate "2018.??.??"]
[EventType "swiss"]
[EventCountry "THA"]
[SourceTitle "playchess.com"]
[Source "ChessBase"]
[SourceQuality "1"]

{[%evp 18,56,0,0,12,22,10,22,12,13,48,56,62,69,101,44,87,85,87,87,85,90,106,96,113,106,118,84,84,81,86,80,108,91,91,97,98,80,118,110,118]} 1. e4 e6 2. d4 d5 3. Nc3 Bb4 4. e5 Ne7 5. Bd2 c5 6. Nb5 Bxd2+ 7. Qxd2 O-O 8. f4 Bd7 {C17: French: 3 Nc3 Bb4 4 e5 c5 sidelines} (8... a6 9. Nd6 cxd4 10. Nf3 Nec6 11. Bd3 f6 12. O-O Nd7 13. Rae1 Nc5 14. a3 Bd7 15. Qf2 Qb6 16. b4 Nxd3 17. cxd3 fxe5 18. fxe5 Nxe5 19. Rxe5 Qxd6 20. Qxd4 {0-1 (76) Saveliev,A (2379)-Goganov,A (2639) Moscow 2017}) 9. dxc5 Bxb5 10. Bxb5 {LiveBook: 9 Games} Qc7 {The position is equal.} 11. Nf3 Qxc5 12. Bd3 Nbc6 13. a3 $146 ({Predecessor:} 13. O-O-O Nb4 14. Kb1 Rac8 15. c3 Nxd3 16. Qxd3 {0-1 (38) Djokic,N (2252)-Zlatanovic,B (2371) Serbia 2007}) 13... f6 14. exf6 Rxf6 15. O-O-O h6 16. Rhf1 ({White should try} 16. Rhe1 $16) 16... Raf8 17. g3 {White is better.} b5 18. Kb1 b4 19. a4 Nf5 20. Bxf5 Rxf5 21. Rfe1 Qd6 22. Nd4 Nxd4 23. Qxd4 R8f7 24. Re2 Rc7 25. Rde1 Rf6 26. h4 a5 27. b3 Kf7 28. Re5 Qc5 {Precision: White = 64%, Black = 39%.} 1/2-1/2

[Event "18th Bangkok Open 2018"]
[Site "Bangkok"]
[Date "2018.04.21"]
[Round "9"]
[White "Pascua, Haridas"]
[Black "Krysa, Leandro"]
[Result "1/2-1/2"]
[WhiteElo "2443"]
[BlackElo "2543"]
[Annotator "TA"]
[PlyCount "108"]
[EventDate "2018.??.??"]
[EventType "swiss"]
[EventCountry "THA"]
[SourceTitle "playchess.com"]
[Source "ChessBase"]
[SourceQuality "1"]

{[%evp 29,108,0,20,0,0,-24,-27,-26,-31,-33,-30,-24,-25,-30,-35,-36,-37,-61,-50,-60,-62,-62,-62,-67,-56,-42,-42,-63,-50,-38,-17,-40,-45,-59,-59,-65,-62,-75,-76,-119,-111,-110,-127,-130,-56,-57,-61,-54,-53,-41,-48,-61,0,-20,0,-61,-52,-41,-52,-50,-9,-9,-12,-9,-12,-12,-3,-3,0,-2,0,0,0,0,0,-2,0,0,0,0,0]} 1. d4 Nf6 2. Nf3 d5 3. c4 e6 4. Nc3 c5 5. cxd5 Nxd5 6. e4 Nxc3 7. bxc3 cxd4 8. cxd4 Bb4+ 9. Bd2 Bxd2+ 10. Qxd2 O-O 11. Bc4 Nd7 12. O-O b6 13. Rad1 Bb7 14. Rfe1 Rc8 {D41: Queen's Gambit Declined: Semi-Tarrasch with 5 cxd5} 15. Bb3 h6 {LiveBook: 15 Games} (15... Re8 16. h3 Nf6 17. Qf4 Nh5 18. Qe5 Nf6 19. Qf4 Nh5 20. Qh2 h6 21. d5 exd5 22. exd5 Rxe1+ 23. Nxe1 {½-½ (57) So,W (2799)-Kramnik,V (2800) Berlin 2018}) 16. Qb2 {[#]} Re8 $146 ({Predecessor:} 16... Qf6 17. Qa3 Rc7 18. d5 exd5 19. e5 Qf4 20. Qd6 Rfc8 21. Rd4 Qf5 22. Bxd5 Nf8 23. Nh4 Qg5 24. Nf3 Qf5 25. Nh4 Qg5 26. Nf3 Qf5 {½-½ (26) Bacallao Alonso,Y (2580)-Rakhmanov,A (2603) Havana 2012}) 17. d5 exd5 18. Bxd5 Bxd5 19. Rxd5 {Red1 is the strong threat.} Qc7 20. h3 Nc5 21. Qd4 Ne6 22. Qd2 Qc2 23. e5 Qxd2 24. Rxd2 Red8 25. Rxd8+ Rxd8 $15 {[%mdl 4096] Endgame KRN-KRN} 26. g3 g5 27. Re3 Rd1+ 28. Kg2 Nc5 29. Re2 Kg7 30. h4 Kg6 31. hxg5 hxg5 32. Nd2 Kf5 33. Nc4 Ke6 34. Nd6 {[#]} g4 $1 35. Ne4 Nd3 {aiming for ...Ne1+.} 36. Ng5+ {[#]} Kf5 (36... Kd5 $1 $17 37. f4 gxf3+ 38. Nxf3 a5) 37. f4 gxf3+ $1 38. Nxf3 Nc5 39. Nh4+ Ke6 40. Nf3 Kf5 41. Nh4+ Ke6 42. Nf3 Ke7 43. Ng5 Ne6 44. Ne4 Nd4 45. Rf2 {The position is equal.} Nc6 46. Nd6 $1 Nxe5 47. Nc8+ $1 Kd7 48. Nxa7 Rd5 49. a4 Ra5 50. Rd2+ Ke6 51. Nb5 Rxa4 52. Rd6+ Kf5 53. Rxb6 Ra2+ 54. Kh3 Kg5 {Precision: White = 77%, Black = 74%.} 1/2-1/2

[Event "18th Bangkok Open 2018"]
[Site "Bangkok"]
[Date "2018.04.21"]
[Round "9"]
[White "Peng, Xiongjian"]
[Black "Nguyen, Anh Khoi"]
[Result "1-0"]
[WhiteElo "2424"]
[BlackElo "2444"]
[Annotator "TA"]
[PlyCount "129"]
[EventDate "2018.??.??"]
[EventType "swiss"]
[EventCountry "THA"]
[SourceTitle "playchess.com"]
[Source "ChessBase"]
[SourceQuality "1"]

{[%evp 11,129,76,62,59,75,79,91,66,109,110,129,70,70,46,68,52,50,50,61,8,18,-3,20,-18,-21,-10,-17,-19,-17,-50,-7,-13,0,-38,-42,-16,0,0,97,99,94,102,89,96,96,96,103,94,89,66,65,45,49,-68,0,0,0,0,0,0,0,0,0,0,0,0,0,0,0,0,0,0,31,23,23,23,23,23,23,23,23,23,23,23,23,23,23,24,31,30,49,28,37,12,471,406,1689,1676,1688,1662,1603,1691,1634,1593,1504,0,152,0,1304,0,1647,1588,1421,1313,6359,6387,6087,1914,5427,5106]} 1. d4 Nf6 2. Nf3 g6 3. Nbd2 c5 (3... Bg7 4. e4 O-O 5. Bd3 d6 6. O-O c5 7. c3 Qc7 8. h3 Nc6 9. d5 Ne5 10. Nxe5 dxe5 11. Re1 Ne8 12. a4 Nd6 13. Nc4 e6 14. Nxd6 Qxd6 15. Bc4 exd5 16. Bxd5 {½-½ (45) Grischuk,A (2767)-Mamedyarov,S (2809) Moscow 2018}) 4. dxc5 Na6 5. e4 {[%cal Be2e4,Be4e5][%mdl 32]} Nxc5 6. e5 {A48: 1 d4 Nf6 2 Nf3 g6: Torre, London and Colle Systems} Nd5 {LiveBook: 3 Games} 7. Nb3 $146 ({Find the theoretical novelty and annotate with similar games:} 7. Ne4 Qa5+ 8. Bd2 Qb6 9. Nxc5 Qxc5 10. c4 Nb4 11. a3 {1-0 (26) Bortnyk,O (2539)-Shtembuliak,E (2352) Lutsk 2015}) 7... Nxb3 8. axb3 {White is better.} Nc7 9. h4 h6 10. Be3 b6 11. Bc4 (11. Qd4 $16) 11... Bb7 $14 12. Qd3 e6 13. O-O-O Bg7 14. Kb1 Qe7 15. Bf4 (15. Bd2 $14) 15... Nd5 16. Bg3 O-O 17. Bxd5 Bxd5 18. c4 Bb7 19. Qxd7 Be4+ 20. Ka2 Qb4 {[%mdl 1024] Black has compensation.} 21. Qd2 Qe7 22. Qd7 Qc5 23. Qd6 Rfc8 24. Rhe1 Bc2 (24... Bb7 $11) 25. Rc1 $36 {[%mdl 2048] White has strong initiative.} Bf5 26. b4 $1 {[%cal Rb4c5]} Qc7 27. Qxc7 $1 Rxc7 28. Nd4 Rac8 29. Nxf5 gxf5 30. Kb3 a5 31. bxa5 bxa5 32. f4 ({White should try} 32. Rc2 $14) 32... Bf8 ({Better is} 32... a4+ $1 $15 33. Kxa4 Rb7) 33. Re3 $11 a4+ 34. Ka2 $1 Rxc4 35. Rec3 Rxc3 36. Rxc3 Rxc3 37. bxc3 {[%mdl 4096] Endgame KB-KB} Bc5 38. h5 $1 Kf8 39. Bh4 Ke8 40. c4 Kd7 41. Kb2 Be3 42. Ka3 {With the idea g3.} Bxf4 43. Bf6 Kc6 {...Kc5 is the strong threat.} 44. Kxa4 Bd2 45. Kb3 Bf4 46. Kc3 Be3 47. Kd3 Bf4 48. Bg7 Kc5 49. Bf8+ Kc6 50. Kd4 Bc1 51. Kc3 Bf4 52. Kd3 Bg5 $2 {[%mdl 8192] [#]} (52... Kc7 $11) 53. Bb4 $1 $18 {[%cal Rb4d2]} f4 (53... Bf4 $142 54. Bf8 Kd7) 54. Bf8 Kb6 55. Bg7 Kc5 {[#]} 56. Kc3 $1 Kb6 57. Kd4 Kc6 58. Kd3 $2 (58. Bf8 $18 {and White stays clearly on top.} Kd7 59. Bg7) 58... Kc5 $1 $16 59. Bf8+ $2 (59. Bh8 $16) 59... Kb6 $1 $18 60. Bb4 Kc6 $1 61. Bd2 {White is clearly winning.} Kd7 {[#]} 62. g3 $1 {[%cal Bg2g3,Bg3g4][%mdl 544]} Be7 (62... fxg3 63. Bxg5) 63. Bxf4 Bf8 64. Kd4 (64. g4 $142 Ke7 65. g5 hxg5 66. Bxg5+ f6 67. exf6+ Kf7 68. h6) 64... Bg7 65. g4 {Precision: White = 61%, Black = 50%.} 1-0

[Event "18th Bangkok Open 2018"]
[Site "Bangkok"]
[Date "2018.04.21"]
[Round "9"]
[White "Gukesh D"]
[Black "Gareyev, Timur"]
[Result "1/2-1/2"]
[WhiteElo "2401"]
[BlackElo "2592"]
[Annotator "TA"]
[PlyCount "36"]
[EventDate "2018.??.??"]
[EventType "swiss"]
[EventCountry "THA"]
[SourceTitle "playchess.com"]
[Source "ChessBase"]
[SourceQuality "1"]

{[%evp 10,36,1,-8,0,0,0,-23,-21,-9,-8,0,8,9,9,14,29,0,0,0,12,-7,33,27,29,0,0,-7,23]} 1. Nf3 c5 2. g3 Nc6 3. Bg2 e5 4. e4 g6 5. O-O Bg7 6. a3 {LiveBook: 13 Games. B30: Sicilian: 2...Nc6 3 Bb5, lines without ...g6} (6. c3 Nge7 7. d3 O-O 8. Nbd2 d5 9. a3 b6 10. Re1 Ba6 11. exd5 Nxd5 12. Nc4 Re8 13. Qc2 Qd7 14. a4 Rad8 15. Bg5 f6 16. Bd2 Nde7 {1-0 (39) Petrosian,T (2601)-Le,Q (2737) Riadh 2017}) 6... Nf6 7. d3 d5 8. Nbd2 $146 {[%cal Bb1d2,Bd2b3,Bb3c5][%mdl 32]} ({Predecessor:} 8. exd5 Nxd5 9. Nbd2 O-O 10. Ne4 b6 11. c4 Nc7 12. Rb1 f5 13. Nc3 Bb7 14. Bg5 Qd7 15. b4 Ne6 16. Nd5 Ncd4 17. Nxd4 Nxg5 {½-½ (25) Boehm,M (2234)-Doering,H (2131) Radebeul 2016}) 8... O-O 9. b4 cxb4 10. axb4 b5 11. Bb2 Re8 12. c3 h6 13. Nb3 dxe4 14. dxe4 Qb6 15. Qc2 Be6 16. Nc5 Bg4 17. Bc1 a5 18. Be3 Qc7 {Precision: White = 22%, Black = 43%.} 1/2-1/2